Pelaksanaan ibadat orang yang uzur shar'iy menurut mazhab empat : kajian kes di kilang

Kajian ini bertujuan membincangkan ibadat bersuci, solat dan puasa yang melibatkan orang yang uzur secara khusus dari perspektif mazhab empat, bagi mencari satu penyelesaian yang terbaik dan memberi pengetahuan yang jelas kepada masyarakat melalui pandangan dan pendapat yang lebih memberi rukhsah ke...

Full description

Bibliographic Details
Main Author: Mohd Allnurulhuda Ghazali (Author)
Corporate Author: Universiti Sultan Zainal Abidin . Faculty of Islamic Contemporary Studies
Format: Thesis Book
Language:Malay
Subjects:

MARC

LEADER 00000cam a2200000 7i4500
001 0000081908
005 20220919093000.0
008 121231s2012 my may
040 |a UniSZA   |e rda 
050 0 0 |a BP184.3   |b .M64 2011 
090 0 0 |a BP184.3   |b .M64 2011 
100 0 |a Mohd Allnurulhuda Ghazali ,   |e author 
245 1 0 |a Pelaksanaan ibadat orang yang uzur shar'iy menurut mazhab empat :   |b kajian kes di kilang   |c Mohd Allnurulhuda bin Ghazali 
264 0 |c 2011 
300 |a xiii, 225 leaves ;   |c 31 cm. 
336 |a text  |2 rdacontent 
337 |a unmediated  |2 rdamedia 
338 |a volume  |2 rdacarrier 
502 |a Thesis (Ijazah Sarjana) - Universiti Sultan Zainal Abidin, 2011 
504 |a Includes bibliographical references (leaves 216-225) 
520 |a Kajian ini bertujuan membincangkan ibadat bersuci, solat dan puasa yang melibatkan orang yang uzur secara khusus dari perspektif mazhab empat, bagi mencari satu penyelesaian yang terbaik dan memberi pengetahuan yang jelas kepada masyarakat melalui pandangan dan pendapat yang lebih memberi rukhsah kepada orang uzur dalam melaksanakan ibadat. Ini kerana pengetahuan masyarakat Islam tentang tatacara melakukan ibadat bagi orang uzur tidak difahami oleh semua lapisan masyarakat, sedangkan kewajipan melakukan ibadat merupakan satu kewajipan ke atas setiap orang Islam yang mukallaf sama ada yang sihat mahupun uzur. Metodologi yang digunakan dalam kajian ini melibatkan kajian keperpustakaan. Kajian ini tertumpu kepada pengumpulan maklumat-maklumat dari kitab-kitab fikah muktabar, usul fikah, kaedah fikah, syarah hadis dan kajian-kajian terdahulu. Data-data yang perolehi dianalisa berdasarkan metode induktif, deduktif dan komparatif. Hasil kajian mendapati orang yang uzur yang mempunyai akal fikiran yang waras tetap wajib melaksanakan ibadat bersuci, solat dan puasa mengikut kemampuan masing-masing berdasarkan rukhsah tanpa terikat dengan suatu mazhab tertentu asalkan berada dalam lingkungan dalil yang muktabar. Kajian ini juga mendedahkan tatacara pelaksanaan orang yang uzur dalam ibadat bersuci, solat dan puasa mengikut rukhsah yang dibenarkan syarak dan dengan pendedahan ini diharapkan dapat memberi kefahaman kepada masyarakat berkaitan orang yang uzur dalam melaksanakan ibadat dengan sempurna. 
610 2 0 |a Universiti Sultan Zainal Abidin   |x Dissertations 
610 2 0 |a Universiti Sultan Zainal Abidin   |x Faculty of Islamic Contemporary Studies   |v Dissertations 
650 0 |a Prayer   |x Islam 
650 0 |a Salat 
655 0 |a Dissertations, Academic 
710 2 |a Universiti Sultan Zainal Abidin .   |b Faculty of Islamic Contemporary Studies 
999 |a 1000148576   |b Thesis   |c Reference   |e Gong Badak Campus